000 01208nam a22003617a 4500
003 CHAP
005 20220329133208.0
008 971013s1968 r 00010 d
010 _a3234
011 _a4206
035 _a3408
040 _cCHAP
090 _aFolleto 13162
100 0 0 _aBautista Villa, Fidel.
_910964
245 _aCalendario de desparasitación de ovinos
260 _a[Toluca, Méx.] :
_bServicio Técnico del Programa Nacional de Ovino y Lanas,
_c1968
300 _a9 p.
_b: ilus
490 _aCircular DAGEM
_v; 42
500 _aD49-45
590 _aBATCH-UPD
_b10
_c20130110
_lUCH01
_h0101
590 _aBATCH-UPD
_b10
_c20130110
_lUCH01
_h1659
590 _aBATCH-UPD
_b10
_c20130409
_lUCH01
_h2050
590 _aBATCH-UPD
_b10
_c20130410
_lUCH01
_h1047
590 _aBATCH-UPD
_b10
_c20130914
_lUCH01
_h0531
590 _aCONVERSION
_b10
_c20130109
_lUCH01
_h1303
650 1 4 _aGanado lanar
_xParásitos.
_945208
710 0 _aBanco Nacional Agropecuario, S.A. México.
_99865
710 0 _aPrograma Nacional de Ovinos y Lanas. México.
_992342
830 0 _aCircular DAGEM
_v; 42
_923378
901 _aBK
942 _cFOLL
949 _aFolleto 13162
_bBC
_cFOLL
_d-12924
_eTS1
_i3408
_mD
_si
999 _c3234
_d3234